<?xml version="1.0" encoding="UTF-8"?>
<record
    xmlns:xsi="http://www.w3.org/2001/XMLSchema-instance"
    xsi:schemaLocation="http://www.loc.gov/MARC21/slim http://www.loc.gov/standards/marcxml/schema/MARC21slim.xsd"
    xmlns="http://www.loc.gov/MARC21/slim">

  <leader>00949nam a22002657a 4500</leader>
  <controlfield tag="005">20170824103542.0</controlfield>
  <datafield tag="010" ind1=" " ind2=" ">
    <subfield code="a">1516EN07   ENG-114667</subfield>
  </datafield>
  <datafield tag="020" ind1=" " ind2=" ">
    <subfield code="a">9781784751920</subfield>
    <subfield code="c">399.00</subfield>
  </datafield>
  <datafield tag="035" ind1=" " ind2=" ">
    <subfield code="a">EN-98199</subfield>
  </datafield>
  <datafield tag="035" ind1=" " ind2=" ">
    <subfield code="a">B-602128-148</subfield>
  </datafield>
  <datafield tag="035" ind1=" " ind2=" ">
    <subfield code="a">B-667750</subfield>
  </datafield>
  <datafield tag="037" ind1=" " ind2=" ">
    <subfield code="a">dpl</subfield>
    <subfield code="b">KKP/Ven</subfield>
  </datafield>
  <datafield tag="037" ind1=" " ind2=" ">
    <subfield code="b">DBAD/PUB</subfield>
  </datafield>
  <datafield tag="082" ind1=" " ind2=" ">
    <subfield code="a">N</subfield>
  </datafield>
  <datafield tag="100" ind1=" " ind2=" ">
    <subfield code="a">Patterson, James</subfield>
  </datafield>
  <datafield tag="245" ind1=" " ind2=" ">
    <subfield code="a">Nypd red  3 /</subfield>
    <subfield code="c">by James Patterson [and] Marshall Karp</subfield>
  </datafield>
  <datafield tag="260" ind1=" " ind2=" ">
    <subfield code="a">UK</subfield>
    <subfield code="b">Penguin</subfield>
    <subfield code="c">2015</subfield>
  </datafield>
  <datafield tag="270" ind1=" " ind2=" ">
    <subfield code="a">20 Vauxhall Bridge Road</subfield>
    <subfield code="b">London </subfield>
    <subfield code="e">SWIV 25A</subfield>
  </datafield>
  <datafield tag="300" ind1=" " ind2=" ">
    <subfield code="a">434p.</subfield>
    <subfield code="c">21cm(pbk)</subfield>
  </datafield>
  <datafield tag="490" ind1=" " ind2=" ">
    <subfield code="a">NYPD red series</subfield>
  </datafield>
  <datafield tag="700" ind1=" " ind2=" ">
    <subfield code="a">Karp, Marshall </subfield>
  </datafield>
  <datafield tag="942" ind1=" " ind2=" ">
    <subfield code="2">ddc</subfield>
    <subfield code="c">EN</subfield>
    <subfield code="m">PAT</subfield>
    <subfield code="h">N</subfield>
  </datafield>
  <datafield tag="999" ind1=" " ind2=" ">
    <subfield code="c">96159</subfield>
    <subfield code="d">96159</subfield>
  </datafield>
  <datafield tag="952" ind1=" " ind2=" ">
    <subfield code="0">0</subfield>
    <subfield code="1">0</subfield>
    <subfield code="4">0</subfield>
    <subfield code="7">1</subfield>
    <subfield code="8">FIC</subfield>
    <subfield code="a">DBAD</subfield>
    <subfield code="b">DBAD</subfield>
    <subfield code="d">2015-12-23</subfield>
    <subfield code="e">DBAD/PUB</subfield>
    <subfield code="g">399.00</subfield>
    <subfield code="l">0</subfield>
    <subfield code="o">N PAT</subfield>
    <subfield code="p">EN-98199</subfield>
    <subfield code="r">2015-12-23 00:00:00</subfield>
    <subfield code="t">1</subfield>
    <subfield code="v">399.00</subfield>
    <subfield code="y">EN</subfield>
  </datafield>
  <datafield tag="952" ind1=" " ind2=" ">
    <subfield code="0">0</subfield>
    <subfield code="1">0</subfield>
    <subfield code="4">0</subfield>
    <subfield code="7">0</subfield>
    <subfield code="8">FIC</subfield>
    <subfield code="a">L</subfield>
    <subfield code="b">L</subfield>
    <subfield code="d">2016-08-29</subfield>
    <subfield code="e">66/29.9.2015/122/16.9.2015/30.9.2015</subfield>
    <subfield code="g">399.00</subfield>
    <subfield code="l">28</subfield>
    <subfield code="m">7</subfield>
    <subfield code="o">N PAT</subfield>
    <subfield code="p">B-602128</subfield>
    <subfield code="r">2025-01-06 00:00:00</subfield>
    <subfield code="s">2024-12-20</subfield>
    <subfield code="t">1</subfield>
    <subfield code="v">399.00</subfield>
    <subfield code="y">EN</subfield>
  </datafield>
  <datafield tag="952" ind1=" " ind2=" ">
    <subfield code="0">0</subfield>
    <subfield code="1">0</subfield>
    <subfield code="4">0</subfield>
    <subfield code="7">0</subfield>
    <subfield code="8">FIC</subfield>
    <subfield code="a">M</subfield>
    <subfield code="b">M</subfield>
    <subfield code="d">2016-08-29</subfield>
    <subfield code="e">66/29.9.2015/122/16.9.2015/30.9.2015</subfield>
    <subfield code="g">399.00</subfield>
    <subfield code="l">0</subfield>
    <subfield code="o">N PAT</subfield>
    <subfield code="p">B-602129</subfield>
    <subfield code="r">2016-08-29 00:00:00</subfield>
    <subfield code="t">4</subfield>
    <subfield code="v">399.00</subfield>
    <subfield code="y">EN</subfield>
  </datafield>
  <datafield tag="952" ind1=" " ind2=" ">
    <subfield code="0">0</subfield>
    <subfield code="1">0</subfield>
    <subfield code="4">0</subfield>
    <subfield code="7">0</subfield>
    <subfield code="8">FIC</subfield>
    <subfield code="a">M</subfield>
    <subfield code="b">M</subfield>
    <subfield code="d">2016-08-29</subfield>
    <subfield code="e">66/29.9.2015/122/16.9.2015/30.9.2015</subfield>
    <subfield code="g">399.00</subfield>
    <subfield code="l">0</subfield>
    <subfield code="o">N PAT</subfield>
    <subfield code="p">B-602130</subfield>
    <subfield code="r">2016-08-29 00:00:00</subfield>
    <subfield code="t">4</subfield>
    <subfield code="v">399.00</subfield>
    <subfield code="y">EN</subfield>
  </datafield>
  <datafield tag="952" ind1=" " ind2=" ">
    <subfield code="0">0</subfield>
    <subfield code="1">5</subfield>
    <subfield code="4">0</subfield>
    <subfield code="7">0</subfield>
    <subfield code="8">FIC</subfield>
    <subfield code="a">M</subfield>
    <subfield code="b">M</subfield>
    <subfield code="d">2016-08-29</subfield>
    <subfield code="e">66/29.9.2015/122/16.9.2015/30.9.2015</subfield>
    <subfield code="g">399.00</subfield>
    <subfield code="l">0</subfield>
    <subfield code="o">N PAT</subfield>
    <subfield code="p">B-602131</subfield>
    <subfield code="r">2016-08-29 00:00:00</subfield>
    <subfield code="t">4</subfield>
    <subfield code="v">399.00</subfield>
    <subfield code="y">EN</subfield>
  </datafield>
  <datafield tag="952" ind1=" " ind2=" ">
    <subfield code="0">0</subfield>
    <subfield code="1">0</subfield>
    <subfield code="4">0</subfield>
    <subfield code="7">0</subfield>
    <subfield code="8">FIC</subfield>
    <subfield code="a">M</subfield>
    <subfield code="b">M</subfield>
    <subfield code="d">2016-08-29</subfield>
    <subfield code="e">66/29.9.2015/122/16.9.2015/30.9.2015</subfield>
    <subfield code="g">399.00</subfield>
    <subfield code="l">0</subfield>
    <subfield code="o">N PAT</subfield>
    <subfield code="p">B-602132</subfield>
    <subfield code="r">2016-08-29 00:00:00</subfield>
    <subfield code="t">4</subfield>
    <subfield code="v">399.00</subfield>
    <subfield code="y">EN</subfield>
  </datafield>
  <datafield tag="952" ind1=" " ind2=" ">
    <subfield code="0">0</subfield>
    <subfield code="1">0</subfield>
    <subfield code="4">0</subfield>
    <subfield code="7">0</subfield>
    <subfield code="8">FIC</subfield>
    <subfield code="a">NPL</subfield>
    <subfield code="b">NPL</subfield>
    <subfield code="d">2016-08-29</subfield>
    <subfield code="e">66/29.9.2015/122/16.9.2015/30.9.2015</subfield>
    <subfield code="g">399.00</subfield>
    <subfield code="l">1</subfield>
    <subfield code="o">N PAT</subfield>
    <subfield code="p">B-602133</subfield>
    <subfield code="r">2025-04-12 00:00:00</subfield>
    <subfield code="s">2025-03-27</subfield>
    <subfield code="t">1</subfield>
    <subfield code="v">399.00</subfield>
    <subfield code="y">EN</subfield>
  </datafield>
  <datafield tag="952" ind1=" " ind2=" ">
    <subfield code="0">0</subfield>
    <subfield code="1">0</subfield>
    <subfield code="4">0</subfield>
    <subfield code="7">0</subfield>
    <subfield code="8">FIC</subfield>
    <subfield code="a">BL1</subfield>
    <subfield code="b">BL1</subfield>
    <subfield code="d">2016-08-29</subfield>
    <subfield code="e">66/29.9.2015/122/16.9.2015/30.9.2015</subfield>
    <subfield code="g">399.00</subfield>
    <subfield code="l">13</subfield>
    <subfield code="m">6</subfield>
    <subfield code="o">N PAT</subfield>
    <subfield code="p">B-602134</subfield>
    <subfield code="r">2023-01-07 00:00:00</subfield>
    <subfield code="s">2022-12-17</subfield>
    <subfield code="t">1</subfield>
    <subfield code="v">399.00</subfield>
    <subfield code="y">EN</subfield>
  </datafield>
  <datafield tag="952" ind1=" " ind2=" ">
    <subfield code="0">0</subfield>
    <subfield code="1">0</subfield>
    <subfield code="4">0</subfield>
    <subfield code="7">0</subfield>
    <subfield code="8">FIC</subfield>
    <subfield code="a">KGM</subfield>
    <subfield code="b">KGM</subfield>
    <subfield code="d">2016-08-29</subfield>
    <subfield code="e">66/29.9.2015/122/16.9.2015/30.9.2015</subfield>
    <subfield code="g">399.00</subfield>
    <subfield code="l">0</subfield>
    <subfield code="o">N PAT</subfield>
    <subfield code="p">B-602135</subfield>
    <subfield code="r">2016-08-29 00:00:00</subfield>
    <subfield code="t">1</subfield>
    <subfield code="v">399.00</subfield>
    <subfield code="y">EN</subfield>
  </datafield>
  <datafield tag="952" ind1=" " ind2=" ">
    <subfield code="0">0</subfield>
    <subfield code="1">0</subfield>
    <subfield code="4">0</subfield>
    <subfield code="7">0</subfield>
    <subfield code="8">FIC</subfield>
    <subfield code="a">PR</subfield>
    <subfield code="b">PR</subfield>
    <subfield code="d">2016-08-29</subfield>
    <subfield code="e">66/29.9.2015/122/16.9.2015/30.9.2015</subfield>
    <subfield code="g">399.00</subfield>
    <subfield code="l">1</subfield>
    <subfield code="o">N PAT</subfield>
    <subfield code="p">B-602136</subfield>
    <subfield code="r">2023-12-27 00:00:00</subfield>
    <subfield code="s">2023-10-07</subfield>
    <subfield code="t">1</subfield>
    <subfield code="v">399.00</subfield>
    <subfield code="y">EN</subfield>
  </datafield>
  <datafield tag="952" ind1=" " ind2=" ">
    <subfield code="0">0</subfield>
    <subfield code="1">0</subfield>
    <subfield code="4">0</subfield>
    <subfield code="7">0</subfield>
    <subfield code="8">FIC</subfield>
    <subfield code="a">TN</subfield>
    <subfield code="b">TN</subfield>
    <subfield code="d">2016-08-29</subfield>
    <subfield code="e">66/29.9.2015/122/16.9.2015/30.9.2015</subfield>
    <subfield code="g">399.00</subfield>
    <subfield code="l">1</subfield>
    <subfield code="o">N PAT</subfield>
    <subfield code="p">B-602137</subfield>
    <subfield code="r">2026-06-12 14:45:51</subfield>
    <subfield code="s">2026-06-02</subfield>
    <subfield code="t">1</subfield>
    <subfield code="v">399.00</subfield>
    <subfield code="y">EN</subfield>
  </datafield>
  <datafield tag="952" ind1=" " ind2=" ">
    <subfield code="0">0</subfield>
    <subfield code="1">0</subfield>
    <subfield code="4">0</subfield>
    <subfield code="7">0</subfield>
    <subfield code="8">FIC</subfield>
    <subfield code="a">JP</subfield>
    <subfield code="b">JP</subfield>
    <subfield code="d">2016-08-29</subfield>
    <subfield code="e">66/29.9.2015/122/16.9.2015/30.9.2015</subfield>
    <subfield code="g">399.00</subfield>
    <subfield code="l">36</subfield>
    <subfield code="m">4</subfield>
    <subfield code="o">N PAT</subfield>
    <subfield code="p">B-602138</subfield>
    <subfield code="r">2026-02-11 00:00:00</subfield>
    <subfield code="s">2026-02-02</subfield>
    <subfield code="t">1</subfield>
    <subfield code="v">399.00</subfield>
    <subfield code="y">EN</subfield>
  </datafield>
  <datafield tag="952" ind1=" " ind2=" ">
    <subfield code="0">0</subfield>
    <subfield code="1">0</subfield>
    <subfield code="4">0</subfield>
    <subfield code="7">0</subfield>
    <subfield code="8">FIC</subfield>
    <subfield code="a">ZLS</subfield>
    <subfield code="b">ZLS</subfield>
    <subfield code="d">2016-08-29</subfield>
    <subfield code="e">66/29.9.2015/122/16.9.2015/30.9.2015</subfield>
    <subfield code="g">399.00</subfield>
    <subfield code="l">0</subfield>
    <subfield code="o">N PAT</subfield>
    <subfield code="p">B-602139</subfield>
    <subfield code="r">2016-08-29 00:00:00</subfield>
    <subfield code="t">1</subfield>
    <subfield code="v">399.00</subfield>
    <subfield code="y">EN</subfield>
  </datafield>
  <datafield tag="952" ind1=" " ind2=" ">
    <subfield code="0">0</subfield>
    <subfield code="1">0</subfield>
    <subfield code="4">0</subfield>
    <subfield code="7">0</subfield>
    <subfield code="8">FIC</subfield>
    <subfield code="a">RKP</subfield>
    <subfield code="b">RKP</subfield>
    <subfield code="d">2016-08-29</subfield>
    <subfield code="e">66/29.9.2015/122/16.9.2015/30.9.2015</subfield>
    <subfield code="g">399.00</subfield>
    <subfield code="l">7</subfield>
    <subfield code="m">1</subfield>
    <subfield code="o">N PAT</subfield>
    <subfield code="p">B-602140</subfield>
    <subfield code="r">2025-06-04 00:00:00</subfield>
    <subfield code="s">2025-05-21</subfield>
    <subfield code="t">1</subfield>
    <subfield code="v">399.00</subfield>
    <subfield code="y">EN</subfield>
  </datafield>
  <datafield tag="952" ind1=" " ind2=" ">
    <subfield code="0">0</subfield>
    <subfield code="1">0</subfield>
    <subfield code="4">0</subfield>
    <subfield code="7">0</subfield>
    <subfield code="8">FIC</subfield>
    <subfield code="a">AG</subfield>
    <subfield code="b">AG</subfield>
    <subfield code="d">2016-08-29</subfield>
    <subfield code="e">66/29.9.2015/122/16.9.2015/30.9.2015</subfield>
    <subfield code="g">399.00</subfield>
    <subfield code="l">4</subfield>
    <subfield code="o">N PAT</subfield>
    <subfield code="p">B-602141</subfield>
    <subfield code="r">2023-06-16 00:00:00</subfield>
    <subfield code="s">2023-06-13</subfield>
    <subfield code="t">1</subfield>
    <subfield code="v">399.00</subfield>
    <subfield code="y">EN</subfield>
  </datafield>
  <datafield tag="952" ind1=" " ind2=" ">
    <subfield code="0">0</subfield>
    <subfield code="1">0</subfield>
    <subfield code="4">0</subfield>
    <subfield code="7">0</subfield>
    <subfield code="8">FIC</subfield>
    <subfield code="a">RC</subfield>
    <subfield code="b">RC</subfield>
    <subfield code="d">2016-08-29</subfield>
    <subfield code="e">66/29.9.2015/122/16.9.2015/30.9.2015</subfield>
    <subfield code="g">399.00</subfield>
    <subfield code="l">4</subfield>
    <subfield code="m">2</subfield>
    <subfield code="o">N PAT</subfield>
    <subfield code="p">B-602142</subfield>
    <subfield code="r">2020-03-02 00:00:00</subfield>
    <subfield code="s">2020-02-18</subfield>
    <subfield code="t">1</subfield>
    <subfield code="v">399.00</subfield>
    <subfield code="y">EN</subfield>
  </datafield>
  <datafield tag="952" ind1=" " ind2=" ">
    <subfield code="0">0</subfield>
    <subfield code="1">0</subfield>
    <subfield code="4">0</subfield>
    <subfield code="7">0</subfield>
    <subfield code="8">FIC</subfield>
    <subfield code="a">ZLS</subfield>
    <subfield code="b">ZLS</subfield>
    <subfield code="d">2016-08-29</subfield>
    <subfield code="e">66/29.9.2015/122/16.9.2015/30.9.2015</subfield>
    <subfield code="g">399.00</subfield>
    <subfield code="l">20</subfield>
    <subfield code="m">5</subfield>
    <subfield code="o">N PAT</subfield>
    <subfield code="p">B-602143</subfield>
    <subfield code="r">2023-12-12 00:00:00</subfield>
    <subfield code="s">2023-11-09</subfield>
    <subfield code="t">1</subfield>
    <subfield code="v">399.00</subfield>
    <subfield code="y">EN</subfield>
  </datafield>
  <datafield tag="952" ind1=" " ind2=" ">
    <subfield code="0">0</subfield>
    <subfield code="1">0</subfield>
    <subfield code="4">0</subfield>
    <subfield code="7">0</subfield>
    <subfield code="8">FIC</subfield>
    <subfield code="a">VP</subfield>
    <subfield code="b">VP</subfield>
    <subfield code="d">2016-08-29</subfield>
    <subfield code="e">66/29.9.2015/122/16.9.2015/30.9.2015</subfield>
    <subfield code="g">399.00</subfield>
    <subfield code="l">10</subfield>
    <subfield code="o">N PAT</subfield>
    <subfield code="p">B-602144</subfield>
    <subfield code="r">2025-02-14 00:00:00</subfield>
    <subfield code="s">2025-02-12</subfield>
    <subfield code="t">1</subfield>
    <subfield code="v">399.00</subfield>
    <subfield code="y">EN</subfield>
  </datafield>
  <datafield tag="952" ind1=" " ind2=" ">
    <subfield code="0">0</subfield>
    <subfield code="1">0</subfield>
    <subfield code="4">0</subfield>
    <subfield code="7">0</subfield>
    <subfield code="8">FIC</subfield>
    <subfield code="a">BL3</subfield>
    <subfield code="b">BL3</subfield>
    <subfield code="d">2016-08-29</subfield>
    <subfield code="e">66/29.9.2015/122/16.9.2015/30.9.2015</subfield>
    <subfield code="g">399.00</subfield>
    <subfield code="l">0</subfield>
    <subfield code="o">N PAT</subfield>
    <subfield code="p">B-602145</subfield>
    <subfield code="r">2016-08-29 00:00:00</subfield>
    <subfield code="t">1</subfield>
    <subfield code="v">399.00</subfield>
    <subfield code="y">EN</subfield>
  </datafield>
  <datafield tag="952" ind1=" " ind2=" ">
    <subfield code="0">0</subfield>
    <subfield code="1">0</subfield>
    <subfield code="4">0</subfield>
    <subfield code="7">0</subfield>
    <subfield code="8">FIC</subfield>
    <subfield code="a">NR</subfield>
    <subfield code="b">NR</subfield>
    <subfield code="d">2016-08-29</subfield>
    <subfield code="e">66/29.9.2015/122/16.9.2015/30.9.2015</subfield>
    <subfield code="g">399.00</subfield>
    <subfield code="l">0</subfield>
    <subfield code="o">N PAT</subfield>
    <subfield code="p">B-602146</subfield>
    <subfield code="r">2016-08-29 00:00:00</subfield>
    <subfield code="t">1</subfield>
    <subfield code="v">399.00</subfield>
    <subfield code="y">EN</subfield>
  </datafield>
  <datafield tag="952" ind1=" " ind2=" ">
    <subfield code="0">0</subfield>
    <subfield code="1">0</subfield>
    <subfield code="4">0</subfield>
    <subfield code="7">0</subfield>
    <subfield code="8">FIC</subfield>
    <subfield code="a">BN</subfield>
    <subfield code="b">BN</subfield>
    <subfield code="d">2016-08-29</subfield>
    <subfield code="e">66/29.9.2015/122/16.9.2015/30.9.2015</subfield>
    <subfield code="g">399.00</subfield>
    <subfield code="l">5</subfield>
    <subfield code="m">1</subfield>
    <subfield code="o">N PAT</subfield>
    <subfield code="p">B-602147</subfield>
    <subfield code="r">2022-10-08 00:00:00</subfield>
    <subfield code="s">2022-10-04</subfield>
    <subfield code="t">1</subfield>
    <subfield code="v">399.00</subfield>
    <subfield code="y">EN</subfield>
  </datafield>
  <datafield tag="952" ind1=" " ind2=" ">
    <subfield code="0">0</subfield>
    <subfield code="1">0</subfield>
    <subfield code="4">0</subfield>
    <subfield code="7">0</subfield>
    <subfield code="8">FIC</subfield>
    <subfield code="a">BL4</subfield>
    <subfield code="b">BL4</subfield>
    <subfield code="d">2016-08-29</subfield>
    <subfield code="e">66/29.9.2015/122/16.9.2015/30.9.2015</subfield>
    <subfield code="g">399.00</subfield>
    <subfield code="l">13</subfield>
    <subfield code="m">3</subfield>
    <subfield code="o">N PAT</subfield>
    <subfield code="p">B-602148</subfield>
    <subfield code="r">2025-06-06 00:00:00</subfield>
    <subfield code="s">2025-05-21</subfield>
    <subfield code="t">1</subfield>
    <subfield code="v">399.00</subfield>
    <subfield code="y">CH</subfield>
  </datafield>
  <datafield tag="952" ind1=" " ind2=" ">
    <subfield code="0">0</subfield>
    <subfield code="1">0</subfield>
    <subfield code="4">0</subfield>
    <subfield code="7">0</subfield>
    <subfield code="8">FIC</subfield>
    <subfield code="a">AV</subfield>
    <subfield code="b">AV</subfield>
    <subfield code="d">2017-08-24</subfield>
    <subfield code="e">KKP/279/24.2.2017/394/15.2.2017/17.3.2017</subfield>
    <subfield code="g">399.00</subfield>
    <subfield code="l">7</subfield>
    <subfield code="m">2</subfield>
    <subfield code="o">N PAT</subfield>
    <subfield code="p">B-667750</subfield>
    <subfield code="r">2026-04-11 12:40:56</subfield>
    <subfield code="s">2026-03-13</subfield>
    <subfield code="t">1</subfield>
    <subfield code="v">399.00</subfield>
    <subfield code="w">2017-08-24</subfield>
    <subfield code="y">EN</subfield>
  </datafield>
</record>
